Thuốc và sức khỏe Số 629

Trong số này có một số nội dung về hội Dược học & Dược sĩ đoàn, dùng thuốc kháng sinh cho người cao tuổi, dùng thuốc khi bị đau nửa đầu, hạt mắc ca, cây Kha tử, lợi ích tập thể dục với người cao tuổi,......

Cijeli opis

Spremljeno u:
Bibliografski detalji
Format: Knjiga
Jezik:Vietnamese
Izdano: H. Hội Dược học Việt Nam 2019
Teme:
Oznake: Dodaj oznaku
Bez oznaka, Budi prvi tko označuje ovaj zapis!
Thư viện lưu trữ: Thư viện Trường Đại học Nam Cần Thơ
LEADER 01057nam a22002177a 4500
001 NCT_117518
008 220427b xxu||||| |||| 00| 0 vie d
999 |c 6002  |d 6002 
022 |a 1859-1922 
041 |a vie 
082 0 4 |2 23rd ed.  |a 615  |b Th514V 
245 0 0 |a Thuốc và sức khỏe  |n Số 629  |c Hội Dược học Việt Nam 
260 |a H.  |b Hội Dược học Việt Nam  |c 2019 
300 |c 27cm 
310 |a Hàng tháng 
362 |a 10/2019 
520 3 |a Trong số này có một số nội dung về hội Dược học & Dược sĩ đoàn, dùng thuốc kháng sinh cho người cao tuổi, dùng thuốc khi bị đau nửa đầu, hạt mắc ca, cây Kha tử, lợi ích tập thể dục với người cao tuổi,... 
655 |a Tạp chí 
942 |2 ddc  |c CR 
952 |0 0  |1 0  |2 ddc  |4 0  |6 615_000000000000000_TH514V  |7 0  |9 23511  |a 000001  |b 000001  |d 2022-05-05  |o 615 Th514V  |r 2022-05-05  |w 2022-05-05  |y CR 
980 |a Thư viện Trường Đại học Nam Cần Thơ